BUBT Library Online Catalog

The colonizer and the colonized/ (Record no. 6850)

000 -LEADER
fixed length control field 00689nam a22002177a 4500
003 - CONTROL NUMBER IDENTIFIER
control field BUBTL
008 - FIXED-LENGTH DATA ELEMENTS--GENERAL INFORMATION
fixed length control field 221204b ||||| |||| 00| 0 eng d
082 ## - DEWEY DECIMAL CLASSIFICATION NUMBER
Classification number 325.3/ M5191c/ 1974
100 ## - MAIN ENTRY--PERSONAL NAME
9 (RLIN) 5013
Personal name Memmi, Albert
245 ## - TITLE STATEMENT
Title The colonizer and the colonized/
Statement of responsibility, etc. Albert Memmi
250 ## - EDITION STATEMENT
Edition statement 1st Edn.
260 ## - PUBLICATION, DISTRIBUTION, ETC. (IMPRINT)
Place of publication, distribution, etc. Boston:
Name of publisher, distributor, etc. Beacon Press,
Date of publication, distribution, etc. c1974
300 ## - PHYSICAL DESCRIPTION
Extent 197 p.:
Dimensions 22 cm.
505 ## - FORMATTED CONTENTS NOTE
Formatted contents note English, The colonizer and the colonized, Albert Memmi, Colonized, English Literature
650 #0 - SUBJECT ADDED ENTRY--TOPICAL TERM
9 (RLIN) 1994
Topical term or geographic name as entry element English Literature
700 ## - ADDED ENTRY--PERSONAL NAME
9 (RLIN) 5014
Personal name Sartre, Jean-Paul
700 ## - ADDED ENTRY--PERSONAL NAME
9 (RLIN) 5015
Personal name Gordimer, Nadine
856 ## - ELECTRONIC LOCATION AND ACCESS
Password 0
Logon 0
Link text Download
942 ## - ADDED ENTRY ELEMENTS (KOHA)
Source of classification or shelving scheme
Koha item type Books
Holdings
Withdrawn status Lost status Source of classification or shelving scheme Damaged status Not for loan Collection code Permanent location Current location Shelving location Date acquired Source of acquisition Inventory number Total Checkouts Full call number Barcode Date last seen Copy number Price effective from Koha item type
          Non-fiction Bangladesh University of Business and Technology Library Bangladesh University of Business and Technology Library English Literature Stacks 11/03/2022 Purchase 28878   325.3/ M5191c/ 1974 BUBTL-200328878 12/04/2022 C-1 12/04/2022 Books

More Information About Library

Library Hours

  • Open: 9.00 am. to 9.00 pm.
  • Only Sunday: 9.00 am. to 6.00 pm.
  • Closed: Holiday

Contact to the University

Bangladesh University of Business and Technology Library

  • Mirpurl-2, 1216.
  • Phone:
  • Fax:
  • E-Mail: admin.library@bubt.edu.bd

Contact to the Library

Contact Person:

Md. Abdul Hakim Shah
Joint Librarian
PABX No:  113
Cell No: 01816332931
E-mail: official: admin.library@bubt.edu.bd
Personal: hakim.shah@bubt.edu.bd


BUBT Library

Copyright © 2021